000 00596nam a2200181 a 4500
001 000029921
003 DO-SdBNP
005 20250206131859.0
008 110427s2008 dr 000 0 spa d
040 _aDO-SdBNP
_bspa
_cBNPHU
049 _aBNPD
245 1 0 _aAnuario 3 :
_b204-2007 /
_cEsteban Prieto Vicioso.
260 _aSanto Domingo :
_bPatronato de la Ciudad Colonial de Santo Domingo,
_c2008.
_fEditora Búho
300 _a392 p. ;
_c23 cm.
700 1 _aPrieto Vicioso, Esteban
_956663
710 1 _a República Dominicana.
_b Secretaría de Estado de Cultura.
_96453
942 _2ddc
_cLBS1
999 _c29413
_d29413